00491 2200193 4500001002100000005001500021035002000036007000300056008004100059020001800100082001200118084001800130100001800148245003300166250001200199260004500211300002400256650001700280INLIS00000000000143120260603081916 a0010-0626000003ta260603 0 ind  a9786020656069 a869.342 a869.342 COE s0 aCoelho, Paulo1 aSang Alkemis /cPaulo Coelho aCet. 54 aJakarta :bGramedia Pustaka Utama,c2026 a224 hlm ;c20x14 cm aFIKSI BRASIL